[Event "Klatovy op-B 29th"]
[Site "Klatovy"]
[Date "2023.07.03"]
[Round "3"]
[White "Sova, Zdenek"]
[Black "Pasek, Josef"]
[Result "0-1"]
[WhiteElo "1700"]
[BlackElo "1381"]
[PlyCount "96"]
[EventDate "2023.07.01"]
[EventType "swiss"]
[EventRounds "9"]
[EventCountry "CZE"]
[SourceTitle "CBM 215 Extra"]
[Source "ChessBase"]
[SourceDate "2023.09.30"]
[SourceVersion "1"]
[SourceVersionDate "2023.09.30"]
[SourceQuality "1"]

1. Nf3 Nf6 2. d4 g6 3. c4 Bg7 4. Nc3 0-0 5. e4 d6 6. Be2 Na6 7. 0-0 e5 8. dxe5 dxe5 9. Bg5 Qxd1 10. Rfxd1 c6 11. Rac1 Nc5 12. Nd2 Ne6 13. Be3 Nd4 14. Bf1 Ng4 15. Bg5 h6 16. Be7 Re8 17. Ba3 f5 18. h3 Nf6 19. exf5 gxf5 20. f3 b6 21. b3 e4 22. fxe4 fxe4 23. Ne2 c5 24. Bb2 Nh7 25. Bc3 Bb7 26. Nb1 Rad8 27. Na3 a6 28. b4 Nxe2+ 29. Bxe2 Rxd1+ 30. Rxd1 Bxc3 31. bxc5 Bb4 32. c6 Bxc6 33. Nc2 Bc5+ 34. Kh1 Nf6 35. Rf1 Kg7 36. Na1 Ba4 37. Nb3 Bxb3 38. axb3 Rd8 39. g4 Rd2 40. Bd1 e3 41. Bf3 Rf2 42. Rxf2 exf2 43. Kg2 Nd7 44. Be4 Ne5 45. Kf1 Kf6 46. Ke2 a5 47. Bg2 Kg5 48. Kf1 Kh4 0-1

[Event "Prague Golden U18 op"]
[Site "Prague"]
[Date "2023.06.24"]
[Round "7"]
[White "Pasek, Josef"]
[Black "Cintl, Jakub"]
[Result "1-0"]
[WhiteElo "1475"]
[BlackElo "1385"]
[PlyCount "117"]
[EventDate "2023.06.24"]
[EventType "swiss"]
[EventRounds "9"]
[EventCountry "CZE"]
[SourceTitle "CBM 215 Extra"]
[Source "ChessBase"]
[SourceDate "2023.09.30"]
[SourceVersion "1"]
[SourceVersionDate "2023.09.30"]
[SourceQuality "1"]

1. b3 Nf6 2. Bb2 g6 3. Bxf6 exf6 4. c4 Bg7 5. Nc3 0-0 6. g3 d6 7. Bg2 f5 8. Nf3 Nc6 9. Rc1 b6 10. 0-0 Bb7 11. e3 Ne7 12. d4 d5 13. Nd2 c6 14. cxd5 Nxd5 15. Nxd5 cxd5 16. Qe2 Qd7 17. Nb1 Rac8 18. Nc3 Rfd8 19. Qb5 Qxb5 20. Nxb5 Rxc1 21. Rxc1 a6 22. Rc7 Ba8 23. Nc3 Bf8 24. Ra7 a5 25. Ra6 Bb4 26. Nb1 Rb8 27. Kf1 Bc6 28. a4 Rb7 29. Ra8+ Kg7 30. Rc8 Bd7 31. Rc2 Be6 32. Ke2 b5 33. axb5 Rxb5 34. Nc3 Rb7 35. Bxd5 Rc7 36. Kd3 Rxc3+ 37. Rxc3 Bxc3 38. Bxe6 Be1 39. Ke2 Bxf2 40. Bxf7 Bg1 41. Bc4 Bxh2 42. Kf3 Bg1 43. d5 Kf8 44. d6 Ke8 45. Bg8 g5 46. Bxh7 Kd7 47. Bxf5+ Kxd6 48. Bd3 Kc5 49. Bg6 Kb4 50. Bf7 Kc3 51. e4 Kd4 52. Bd5 Be3 53. Kg4 Bd2 54. Kf5 Kc3 55. e5 Kb4 56. e6 a4 57. bxa4 Kxa4 58. e7 Be1 59. e8Q+ 1-0

[Event "CZE-ch U12"]
[Site "Herlikovice"]
[Date "2021.10.24"]
[Round "2"]
[White "Pasek, Josef"]
[Black "Jezek, Jakub"]
[Result "1-0"]
[WhiteElo "1341"]
[BlackElo "1787"]
[PlyCount "99"]
[EventDate "2021.10.23"]
[EventType "swiss"]
[EventRounds "9"]
[EventCountry "CZE"]
[SourceTitle "EXT 2023"]
[Source "ChessBase"]
[SourceDate "2022.10.05"]
[SourceVersion "1"]
[SourceVersionDate "2022.10.05"]
[SourceQuality "1"]

1. d4 d5 2. c4 e6 3. Nc3 Nf6 4. Nf3 Be7 5. Bg5 0-0 6. e3 h6 7. Bh4 Nbd7 8. Be2 b6 9. cxd5 Nxd5 10. Bxe7 Qxe7 11. Nxd5 exd5 12. 0-0 Bb7 13. Rc1 c6 14. a3 Rac8 15. b4 b5 16. Nd2 Nf6 17. Bd3 Nd7 18. Nb3 a6 19. Bf5 Rc7 20. Bxd7 Qxd7 21. Na5 Re8 22. Qc2 Ba8 23. Qe2 Re6 24. Qg4 Qe8 25. Rc5 Rg6 26. Qh3 Bb7 27. Kh1 Bc8 28. Qf3 Rf6 29. Qg3 Qe7 30. f4 Rg6 31. Qf2 Qe4 32. Rc3 Bh3 33. Rg1 Bd7 34. Nb3 Bc8 35. Nc5 Qe7 36. Rgc1 Qe8 37. Nd3 Re6 38. Ne5 f6 39. Nf3 Bd7 40. Nd2 Qf7 41. Rc5 Qe8 42. Rxd5 cxd5 43. Rxc7 Rxe3 44. Rxd7 Re2 45. Qf3 Rxd2 46. Qxd5+ Kh8 47. h3 Kh7 48. Rd8 Qe2 49. Qf5+ g6 50. Qd7+ 1-0

[Event "Prague Golden op"]
[Site "Prague"]
[Date "2021.07.17"]
[Round "8"]
[White "Pasek, Josef"]
[Black "Pisar, Tomas"]
[Result "1/2-1/2"]
[WhiteElo "1301"]
[BlackElo "1488"]
[PlyCount "38"]
[EventDate "2021.07.10"]
[EventType "swiss"]
[EventRounds "9"]
[EventCountry "CZE"]
[SourceTitle "CBM 203 Extra"]
[Source "ChessBase"]
[SourceDate "2021.09.30"]
[SourceVersion "1"]
[SourceVersionDate "2021.09.30"]
[SourceQuality "1"]

1. d4 Nf6 2. c4 g6 3. Nc3 d5 4. Nf3 Bg7 5. Qb3 c6 6. Bg5 Ne4 7. Bf4 Nxc3 8. bxc3 0-0 9. e3 a5 10. cxd5 cxd5 11. Bd3 a4 12. Qc2 Nc6 13. 0-0 Bd7 14. Bb5 Nxd4 15. Nxd4 e5 16. Bxd7 Qxd7 17. Bg3 exd4 18. cxd4 Rac8 19. Qb2 Rfe8 1/2-1/2

[Event "Prague Golden op"]
[Site "Prague"]
[Date "2021.07.16"]
[Round "7"]
[White "Belov, Alexander"]
[Black "Pasek, Josef"]
[Result "1-0"]
[WhiteElo "1846"]
[BlackElo "1301"]
[PlyCount "57"]
[EventDate "2021.07.10"]
[EventType "swiss"]
[EventRounds "9"]
[EventCountry "CZE"]
[SourceTitle "CBM 203 Extra"]
[Source "ChessBase"]
[SourceDate "2021.09.30"]
[SourceVersion "1"]
[SourceVersionDate "2021.09.30"]
[SourceQuality "1"]

1. c4 Nf6 2. Nc3 g6 3. g3 Bg7 4. Bg2 d6 5. d3 0-0 6. e4 c5 7. h3 Nc6 8. Be3 a6 9. Qd2 Rb8 10. Bh6 Re8 11. Bxg7 Kxg7 12. f4 b5 13. e5 Nd4 14. exf6+ exf6+ 15. Kf2 g5 16. Bf3 h5 17. Nce2 Nxf3 18. Nxf3 g4 19. hxg4 Bxg4 20. Nc3 Qd7 21. Rae1 Rg8 22. Re3 bxc4 23. dxc4 Qb7 24. b3 Rbe8 25. Nd5 a5 26. Rhe1 Rxe3 27. Rxe3 Qd7 28. Qc3 Qd8 29. Re7 1-0

[Event "Prague Golden op"]
[Site "Prague"]
[Date "2021.07.15"]
[Round "6"]
[White "Pasek, Josef"]
[Black "Trefilik, Jiri"]
[Result "1-0"]
[WhiteElo "1301"]
[BlackElo "1596"]
[PlyCount "65"]
[EventDate "2021.07.10"]
[EventType "swiss"]
[EventRounds "9"]
[EventCountry "CZE"]
[SourceTitle "CBM 203 Extra"]
[Source "ChessBase"]
[SourceDate "2021.09.30"]
[SourceVersion "1"]
[SourceVersionDate "2021.09.30"]
[SourceQuality "1"]

1. d4 d5 2. Nf3 f5 3. g3 e6 4. Bg2 Bd6 5. 0-0 Nf6 6. Nbd2 0-0 7. e3 Nbd7 8. b3 Ne4 9. Bb2 Qf6 10. c4 c6 11. c5 Bc7 12. b4 g5 13. a4 Qg6 14. Re1 h5 15. Kf1 f4 16. Nxe4 dxe4 17. Nd2 f3 18. Bh1 h4 19. Qc2 Nf6 20. Bxf3 hxg3 21. hxg3 Qh7 22. Nxe4 g4 23. Nxf6+ Rxf6 24. Qxh7+ Kxh7 25. Bxg4 Bxg3 26. Re2 Bd7 27. Kg2 Bc7 28. Rh1+ Kg6 29. Bh5+ Kf5 30. d5 Rg8+ 31. Kf1 Rh6 32. d6 Bd8 33. e4+ 1-0

[Event "CZE-ch Betsys Online Blitz"]
[Site "Chess.com INT"]
[Date "2021.04.17"]
[Round "3"]
[White "Dolezal, Eduard"]
[Black "Pasek, Josef"]
[Result "0-1"]
[WhiteElo "1093"]
[BlackElo "1301"]
[PlyCount "118"]
[EventDate "2021.04.17"]
[EventType "swiss (blitz)"]
[EventRounds "13"]
[EventCountry "CZE"]
[SourceTitle "CBM 201 Extra"]
[Source "ChessBase"]
[SourceDate "2021.05.31"]
[SourceVersion "1"]
[SourceVersionDate "2021.05.31"]
[SourceQuality "1"]

1. d4 Nf6 2. c4 g6 3. Nc3 Bg7 4. Bg5 0-0 5. e3 d6 6. Bd3 Na6 7. Nf3 c5 8. d5 Nc7 9. Qc2 a6 10. 0-0 Rb8 11. Rfe1 Bd7 12. Re2 Qe8 13. Rae1 b5 14. cxb5 axb5 15. Bxf6 Bxf6 16. Ne4 Bg7 17. a3 Nxd5 18. b4 c4 19. Bxc4 bxc4 20. Qxc4 Nb6 21. Qc2 Bf5 22. Nh4 Rc8 23. Qb1 Be6 24. Ng5 Bc4 25. Rc2 Bd3 26. Rxc8 Bxb1 27. Rxe8 Rxe8 28. Rxb1 Bf6 29. Ngf3 e6 30. Ra1 g5 31. Rc1 gxh4 32. h3 Rc8 33. Rxc8+ Nxc8 34. a4 Bc3 35. b5 Nb6 36. Nd4 Bxd4 37. exd4 Nxa4 38. Kf1 f5 39. Ke2 Kf7 40. Kd3 e5 41. d5 Nb6 42. Kc3 f4 43. Kb4 Nxd5+ 44. Ka5 Kf6 45. b6 Nxb6 46. Kxb6 e4 47. Kc6 Ke5 48. Kb5 Kd4 49. Kc6 d5 50. Kb5 Kc3 51. Kc5 d4 52. Kd5 d3 53. Kxe4 d2 54. Kxf4 d1Q 55. Kg5 Qd5+ 56. Kxh4 Qxg2 57. f4 Kd4 58. Kh5 Qg6+ 59. Kh4 Ke4 0-1

[Event "CZE-ch Betsys Online Blitz"]
[Site "Chess.com INT"]
[Date "2021.04.17"]
[Round "13"]
[White "Pasek, Josef"]
[Black "Pressler, Tobias"]
[Result "0-1"]
[WhiteElo "1301"]
[BlackElo "1599"]
[PlyCount "114"]
[EventDate "2021.04.17"]
[EventType "swiss (blitz)"]
[EventRounds "13"]
[EventCountry "CZE"]
[SourceTitle "CBM 201 Extra"]
[Source "ChessBase"]
[SourceDate "2021.05.31"]
[SourceVersion "1"]
[SourceVersionDate "2021.05.31"]
[SourceQuality "1"]

1. d4 d5 2. c4 Nc6 3. Nc3 Nf6 4. Nf3 Bg4 5. e3 g6 6. h3 Bxf3 7. Qxf3 e6 8. cxd5 exd5 9. Bb5 Bg7 10. 0-0 0-0 11. Qe2 Ne7 12. Bd2 c6 13. Ba4 Nf5 14. Bc2 Nd6 15. a3 Nc4 16. b4 Re8 17. Bd3 Nd6 18. Rab1 a6 19. Rfc1 Qd7 20. Qf3 Nfe4 21. Bxe4 Nxe4 22. Qe2 Nxc3 23. Bxc3 Re4 24. Rf1 Rae8 25. Bd2 Bf6 26. Bc3 h5 27. Qf3 Bg5 28. Qg3 Bf6 29. Qf3 Bg7 30. Qg3 Kh7 31. Rbe1 Qe7 32. Bd2 f5 33. Kh1 Bf6 34. Kg1 Qd7 35. Qf3 Be7 36. Qg3 Bd6 37. Qh4 Rxh4 38. g3 Rhe4 39. Kg2 Qe6 40. f3 Rxe3 41. Rxe3 Qd7 42. Rd3 Qc7 43. f4 Re6 44. Rf2 Qe7 45. Rdf3 Re2 46. Rxe2 Qxe2+ 47. Rf2 Qd3 48. Kg1 Qxa3 49. Kg2 Bxb4 50. Bxb4 Qxb4 51. Re2 a5 52. Re6 a4 53. Rf6 Kg7 54. Re6 a3 55. Re2 Qb3 56. Rd2 a2 57. Rd1 Qxd1 0-1

[Event "CZE-ch Betsys Online Blitz"]
[Site "Chess.com INT"]
[Date "2021.04.17"]
[Round "4"]
[White "Pasek, Josef"]
[Black "Valenz, Miroslav"]
[Result "0-1"]
[WhiteElo "1301"]
[BlackElo "2048"]
[PlyCount "60"]
[EventDate "2021.04.17"]
[EventType "swiss (blitz)"]
[EventRounds "13"]
[EventCountry "CZE"]
[SourceTitle "CBM 201 Extra"]
[Source "ChessBase"]
[SourceDate "2021.05.31"]
[SourceVersion "1"]
[SourceVersionDate "2021.05.31"]
[SourceQuality "1"]

1. d4 Nf6 2. c4 d6 3. Nc3 g6 4. Nf3 Bg7 5. e3 0-0 6. Bd2 Nbd7 7. Bd3 e5 8. dxe5 Nxe5 9. Nxe5 dxe5 10. Bc2 c6 11. 0-0 Qe7 12. Ne4 Nxe4 13. Bxe4 f5 14. Bc2 f4 15. e4 f3 16. g3 Bh3 17. Re1 Rad8 18. Qc1 Rd7 19. a3 Qe6 20. c5 Bf1 21. Bb3 Qxb3 22. Kxf1 Qe6 23. Re3 Qh3+ 24. Ke1 Qxh2 25. Kd1 Qxf2 26. Kc2 Bh6 27. Rd3 Rxd3 28. Kxd3 Rd8+ 29. Kc3 Bxd2+ 30. Kc2 Bxc1+ 0-1

[Event "CZE-ch Betsys Online Blitz"]
[Site "Chess.com INT"]
[Date "2021.04.17"]
[Round "5"]
[White "Richterova, Natasa1111"]
[Black "Pasek, Josef"]
[Result "0-1"]
[WhiteElo "1239"]
[BlackElo "1301"]
[PlyCount "86"]
[EventDate "2021.04.17"]
[EventType "swiss (blitz)"]
[EventRounds "13"]
[EventCountry "CZE"]
[SourceTitle "CBM 201 Extra"]
[Source "ChessBase"]
[SourceDate "2021.05.31"]
[SourceVersion "1"]
[SourceVersionDate "2021.05.31"]
[SourceQuality "1"]

1. d4 Nf6 2. Bg5 e6 3. Bxf6 Qxf6 4. Nf3 d5 5. e3 c5 6. c3 Nc6 7. Bd3 Bd6 8. h3 0-0 9. Nbd2 Bd7 10. Qb3 Rab8 11. a3 c4 12. Bxc4 dxc4 13. Qxc4 a6 14. Qd3 b5 15. 0-0 Rfc8 16. Rac1 Ne7 17. Ne4 Qg6 18. Rfd1 Bc7 19. Nc5 Qxd3 20. Rxd3 Be8 21. Nxa6 Ra8 22. Nc5 Bb6 23. Ne4 Bc6 24. Ned2 h6 25. Ne5 Bd5 26. Ndf3 Ng6 27. Nxg6 fxg6 28. Ne5 Kh7 29. Nd7 Ba5 30. Rdd1 Bb3 31. Re1 Rd8 32. Nc5 Bc4 33. Ne4 Bd3 34. Nc5 Bc4 35. Ne4 e5 36. Nc5 exd4 37. exd4 Re8 38. Nb7 Bb6 39. Nd6 Rxe1+ 40. Rxe1 Kg8 41. Re6 Bxe6 42. Ne4 Bd5 43. Ng3 Bxg2 0-1